00568nam a2200157Ia 4500100003300000942000700033654002700040245003100067260004900098082001700147300000800164546001200172999001700184952010400201952010500305 aHamel/ Grey/ Prahalad/ C.K.  cRB aCompeting for future aCompeting for the Future bHarvard Business School PressaBostonc1994 a658.402bHAM a357 aENGLISH c32124d32124 001040708CRCaCRCEbCRCEc1547 | 1d2023-03-17l0o658.402 HAMp9500r2023-03-17w2023-03-17yRB 001040708CRCaCRCEbCRCEc1449 | 52d2023-03-17l0o658.402 HAMp9501r2023-03-17w2023-03-17yBK